| 000 | 00540nam a22001817a 4500 | ||
|---|---|---|---|
| 005 | 20230729073021.0 | ||
| 008 | 230131b |||||||| |||| 00| 0 eng d | ||
| 020 | _a978-1-78249-653-3 | ||
| 082 | _aG.S. 739.27 P485 2018 | ||
| 100 |
_aPeterson, Linda _eauthor |
||
| 245 |
_aMetalwork jewelry: _b35 step-by-step projects inspired by steampunk / _cLinda Peterson |
||
| 260 |
_aLondon: _bCico Books, _cc2018 |
||
| 300 |
_a128p.: _bcol. ill. |
||
| 504 | _aIncludes index | ||
| 541 | _e6952 | ||
| 650 | _aJewelry making | ||
| 650 | _aArt metal-work | ||
| 999 |
_c760 _d760 |
||